| 000 | 00530ntaaa2200193 4500 | ||
|---|---|---|---|
| 003 | 01 | ||
| 005 | 20251027202051.0 | ||
| 008 | 0714s1973 ag 01 | ||
| 040 |
_aAR-BaBN _bspa _cAR-BaBN _eaacr _dRIC |
||
| 082 | _a252.0000 D72 | ||
| 245 | _aOutlines of sermons on the old testament | ||
| 250 | _a1 ed. | ||
| 260 |
_aNew York : _bHodder and Stoughton, _cn.f. |
||
| 300 | _a292 p | ||
| 650 |
_asermones-Antiguo testamento _99991 |
||
| 650 |
_aAntiguo testamento-sermones _919258 |
||
| 700 |
_aDoran, George H. _919259 |
||
| 942 | _cBK | ||
| 999 |
_c15507 _d15507 |
||